书目信息 |
| 题名: |
马克思主义简明辞典
|
|
| 作者: | 洪韵珊 主编 | |
| 分册: | ||
| 出版信息: | 成都 四川省社会科学院出版社 1987.06 |
|
| 页数: | 564页 | |
| 开本: | 19cm | |
| 丛书名: | ||
| 单 册: | ||
| 中图分类: | C61 | |
| 科图分类: | ||
| 主题词: | 社会科学--名词术语--词典 , 社会科学--词典 , 社会科学--百科全书 | |
| 电子资源: | ||
| ISBN: | 7-80524-006-X | |
| 000 | 00653nam0 2200217 45 | |
| 001 | 0503311081 | |
| 005 | 20050613101904.4 | |
| 010 | @a7-80524-006-X@b精装@dCNY4.50 | |
| 100 | @a20050331d1987 km y0chiy0120 ea | |
| 101 | 0 | @achi |
| 105 | @a z 000yy | |
| 200 | 1 | @a马克思主义简明辞典@AMa Ke Si Zhu Yi Jian Ming Ci Dian@f洪韵珊等主编@FHong Yun Shan Deng Zhu Bian |
| 210 | @a成都@c四川省社会科学院出版社@d1987.06 | |
| 215 | @a564页@d19cm | |
| 606 | 0 | @a社会科学@x名词术语@x词典 |
| 606 | 0 | @a社会科学@x词典 |
| 606 | 0 | @a社会科学@x百科全书 |
| 690 | @aC61@v3 | |
| 701 | 0 | @a洪韵珊@4主编 |
| 801 | @aCN@bPftUser@c20050331 | |
| 905 | @f1@b205616@dC61@e16 | |
| 马克思主义简明辞典/洪韵珊等主编.-成都:四川省社会科学院出版社,1987.06 |
| 564页;19cm |
| ISBN 7-80524-006-X(精装):CNY4.50 |
| ● |
| 相关链接 |
|
|
|
|
正题名:马克思主义简明辞典
索取号:C61/16
 
预约/预借
| 序号 | 登录号 | 条形码 | 馆藏地/架位号 | 状态 | 备注 |
| 1 | 0205616 | 002018088 | 工具书阅览室/ [索取号:C61/16] | 在馆 | |
| 2 | 0205617 | 202109869 | 第一样本阅览室/ [索取号:C61/16] | 在馆 |